Statistics for Bordering Groups of Two #2

Click here to take the quiz!

General Stats

  • This quiz has been taken 68 times
  • The average score is 18 of 24

Answer Stats

Country% Correct
Algeria
92%
Israel
92%
Russia
92%
Argentina
90%
Chile
90%
France
90%
Jordan
90%
Libya
88%
United States
88%
Italy
86%
Denmark
85%
China
81%
Germany
81%
Pakistan
73%
Serbia
73%
Sweden
68%
Finland
64%
Zimbabwe
64%
Bulgaria
63%
Zambia
63%
Ukraine
47%
Moldova
44%
Venezuela
29%
Colombia
27%

Score Distribution

Percentile by Number Answered

Percent of People with Each Score

Your Score History

You have not taken this quiz